Serbia UEFA European Championships XIs - Statistics

General Stats
  • This quiz has been taken 86 times
  • The average score is 7 of 11
Answer Stats
Answer % Correct
Dušan Vlahović
94%
Sergej Milinković-Savić
92%
Aleksandar Mitrović
88%
Nikola Milenković
74%
Strahinja Pavlović
62%
Predrag Rajković
52%
Nemanja Gudelj
51%
Saša Lukić
51%
Andrija Živković
42%
Ivan Ilić
35%
Miloš Veljković
35%
No matching quizzes found
Score Distribution
Percent of People with Each Score
Percentile by Number Answered
Your Score History
You have not taken this quiz